DRUG INFORMATION HANDBOOK (Record no. 8144)

MARC details
000 -LEADER
fixed length control field 00337nam a22001577a 4500
003 - CONTROL NUMBER IDENTIFIER
control field SGT
020 ## - INTERNATIONAL STANDARD BOOK NUMBER
International Standard Book Number 1-59195-106-2
082 ## - DEWEY DECIMAL CLASSIFICATION NUMBER
Classification number 615.1, D05L
100 ## - MAIN ENTRY--PERSONAL NAME
Personal name LACY, CHARLES,F
245 ## - TITLE STATEMENT
Title DRUG INFORMATION HANDBOOK
250 ## - EDITION STATEMENT
Edition statement 13TH
260 ## - PUBLICATION, DISTRIBUTION, ETC. (IMPRINT)
Place of publication, distribution, etc NORTH AMERICA
Name of publisher, distributor, etc LEXI- COMP.
Year of Publication 2005
300 ## - PAGE DESCRIPTION
No. of Pages 2768
650 ## - SUBJECT ADDED ENTRY--TOPICAL TERM
Topical term or geographic name as entry element DRUG
942 ## - ADDED ENTRY ELEMENTS (KOHA)
Source of classification or shelving scheme Dewey Decimal Classification
Koha item type Books

No items available.